000 00407nam a2200157Ia 4500
008 230312s9999||||xx |||||||||||||| ||und||
020 _a81-8431-275-x
082 _a530.14
_bBAK-F
100 _aBakshi,U.A
245 0 _aField Theory
260 _bTechnical Publications Pune
_aIndia
_c2008
300 _aP-54
546 _aEng.
650 _aEngineering
_vVector Analysis,Energy and Potentials
942 _cBK
999 _c1786
_d1786